| 000 | 00366nam a2200133Ia 4500 | ||
|---|---|---|---|
| 008 | 230107s9999||||xx |||||||||||||| ||und|| | ||
| 020 | _a9966494332 | ||
| 040 | _cChuka University Library | ||
| 050 |
_aAFR PN 4145 _bB8 1997 |
||
| 100 | _aBukenya Austin | ||
| 245 | 0 | _aOral litrature:A senior course form 3 and 4 | |
| 260 |
_aLonghorn _bNairobi _c1997 |
||
| 942 |
_cBK _01 |
||
| 999 |
_c9391 _d9391 |
||